| 000 | 00968nam a2200241 i 4500 | ||
|---|---|---|---|
| 001 | 143580 | ||
| 003 | ES-MaACL | ||
| 005 | 20251002204752.0 | ||
| 007 | t| | ||
| 008 | 070214s1920 fr r ||||1| fre d | ||
| 100 | 1 |
_aLe Gendre, Paul ( _d1854-1936) _9165384 |
|
| 245 | 1 | 0 |
_aTraité de pathologie médicale et de thérapeutique appliquée / publ. sous la dir. d'Émile Sergent, L. Ribadeau-Dumas, L. Babonneix. _nI, _pDéontologie / _cpar P. Le Gendre et Jurisprudence médicale par H. Ribadeau-Dumas. |
| 260 |
_aParis : _bA. Maloine et Fils, _c1920. |
||
| 300 |
_aVI, 705 p. ; _c21 cm. |
||
| 650 | 0 | 4 |
_aMédicos- _xMoral profesional. _914942 |
| 650 | 0 | 7 |
_aMedicina legal _2embne _914928 |
| 700 | 1 |
_aRibadeau-Dumas, H. _9165385 |
|
| 700 | 1 |
_aSergent, Émile, _d1867-1943 _9151848 |
|
| 700 | 1 |
_aRibadeau-Dumas, Louis ( _d1876-1951) _9151844 |
|
| 700 | 1 |
_aBabonneix, Léon, _d1876-1942 _9151847 |
|
| 852 |
_aES-MaACL _jC-16731 |
||
| 999 |
_c143580 _d143580 |
||